| 000 | 00470nam a22001937a 4500 | ||
|---|---|---|---|
| 005 | 20230718143118.0 | ||
| 008 | 230718b |||||||| |||| 00| 0 eng d | ||
| 020 | _a9780138493813 | ||
| 082 |
_a611 _bMAR-H |
||
| 100 | _aMartini, Farederic H. | ||
| 245 | _aHuman anatomy | ||
| 250 | _a2nd ED. | ||
| 260 |
_aUSA _bPrentice Hall _c1997 |
||
| 300 | _a844 | ||
| 500 | _aincludes Illustration credits | ||
| 650 | _aMedical | ||
| 700 | _aFrederi H.Martini | ||
| 999 |
_c33054 _d33054 |
||